Statistiques concernant Liste des villes les plus chères du monde

Cliquez ici pour prendre le quiz!

Statistiques générales

  • Ce quiz a été pris 553 fois
  • Le résultat moyen est 4 sur 10

Statistiques - réponses

HintRéponse% Correct
2Paris
96%
9Tokyo
76%
1Singapour
44%
3Oslo
40%
5Sydney
39%
7Genève
39%
4Zurich
34%
10Copenhague
26%
8Melbourne
19%
6Caracas
1%

Distribution des résultats

Percentile par nombre de réponses

% des personnes avec chaque résultat

Votre développement - résultats

Vous n’avez pas pris ce quiz